000 00489nam a2200181Ia 4500
001 7695
005 20260306160514.0
008 260306t2014||||xx |||||||||||||| ||spa||
041 _aESP
082 _a354.328
_bO65O
100 _aOrganismo de Evaluación y Fiscalización Ambiental
_eAUT
245 0 _aEl rol del OEFA en la gestión de conflictos socioambientales
260 _c2014
300 _a58 páginas :
_c21 cm.
650 _aGEN
654 _aCIA
942 _cLIB
_dJUS
_fJUS
_2ddc
_n
999 _c7695
_d7695